[Event "SVK-chT2A 1819"]
[Site "Slovakia"]
[Date "2019.04.06"]
[Round "10.4"]
[White "Badura, Peter"]
[Black "Hacik, Radomir"]
[Result "1/2-1/2"]
[WhiteElo "1856"]
[BlackElo "2125"]
[PlyCount "93"]
[EventDate "2018.10.13"]
[EventType "team-tourn"]
[EventRounds "11"]
[EventCountry "SVK"]
[SourceTitle "EXT 2020"]
[Source "ChessBase"]
[SourceDate "2019.10.17"]
[SourceVersion "1"]
[SourceVersionDate "2019.10.17"]
[SourceQuality "1"]
[WhiteTeam "Pezinok"]
[BlackTeam "Bratislava Slovan V"]
[WhiteTeamCountry "SVK"]
[BlackTeamCountry "SVK"]

1. e4 c6 2. d4 d5 3. exd5 cxd5 4. Nf3 Nf6 5. Bd3 Bg4 6. h3 Bh5 7. c3 Qb6 8. Qa4+ Nc6 9. Ne5 e6 10. b4 Be7 11. Bg5 Nd7 12. Nxd7 Kxd7 13. Be3 Bg6 14. Qc2 Rhc8 15. Qe2 Ke8 16. 0-0 Kf8 17. Nd2 Kg8 18. f4 a5 19. a3 axb4 20. axb4 Rxa1 21. Rxa1 Bd6 22. Nf3 Ne7 23. Bd2 Qc7 24. Ne5 Bf5 25. g4 Bxe5 26. fxe5 Bxd3 27. Qxd3 Qc6 28. Ra5 b6 29. Ra7 Rc7 30. Qa6 Rxa7 31. Qxa7 Nc8 32. Qa6 h6 33. Kf2 Ne7 34. Ke3 g5 35. Qa7 Ng6 36. Qb8+ Kg7 37. Qd8 Qb5 38. Qf6+ Kg8 39. Qd8+ Kh7 40. Qf6 Qd7 41. Be1 Qc7 42. Kd2 Kg8 43. h4 Qa7 44. hxg5 Qa2+ 45. Kd1 Qb1+ 46. Ke2 hxg5 47. Qxg5 1/2-1/2

[Event "SVK-chT2A 1819"]
[Site "Slovakia"]
[Date "2019.03.03"]
[Round "9.6"]
[White "Badura, Peter"]
[Black "Mandak, Miroslav"]
[Result "1/2-1/2"]
[WhiteElo "1868"]
[BlackElo "1974"]
[PlyCount "88"]
[EventDate "2018.10.13"]
[EventType "team-tourn"]
[EventRounds "11"]
[EventCountry "SVK"]
[SourceTitle "EXT 2020"]
[Source "ChessBase"]
[SourceDate "2019.10.17"]
[SourceVersion "1"]
[SourceVersionDate "2019.10.17"]
[SourceQuality "1"]
[WhiteTeam "Pezinok"]
[BlackTeam "Krasnany"]
[WhiteTeamCountry "SVK"]
[BlackTeamCountry "SVK"]

1. e4 c5 2. Nf3 e6 3. c3 Nf6 4. Qc2 Nc6 5. d3 Qc7 6. h3 d5 7. Bg5 Be7 8. Nbd2 0-0 9. g4 b5 10. Bg2 Bb7 11. 0-0-0 c4 12. exd5 cxd3 13. Qxd3 Nb4 14. Qb1 Nfxd5 15. Ne4 Nf4 16. Bf1 Bxg5 17. Nfxg5 Ng6 18. Rd4 a5 19. Bxb5 h6 20. Nf3 Rac8 21. Rhd1 Bd5 22. a3 Nc6 23. Bxc6 Qxc6 24. Qd3 Qb7 25. h4 Rb8 26. Rd2 Ne7 27. h5 Nc6 28. Nc5 Qa7 29. Rxd5 exd5 30. Qxd5 Ne7 31. Qd4 Rfd8 32. Nd7 Qxd4 33. Rxd4 Nc6 34. Rd6 Rbc8 35. Nd4 Ne5 36. Nxe5 Rxd6 37. Kd2 Rb8 38. b4 axb4 39. axb4 Rc8 40. Kd3 f6 41. Nc4 Rdd8 42. Ne3 Kf7 43. Nef5 Ra8 44. b5 Rd7 1/2-1/2

[Event "SVK-chT2A 1819"]
[Site "Slovakia"]
[Date "2019.03.02"]
[Round "8.5"]
[White "Badura, Peter"]
[Black "Orosi, Peter"]
[Result "0-1"]
[WhiteElo "1868"]
[BlackElo "2087"]
[PlyCount "80"]
[EventDate "2018.10.13"]
[EventType "team-tourn"]
[EventRounds "11"]
[EventCountry "SVK"]
[SourceTitle "EXT 2020"]
[Source "ChessBase"]
[SourceDate "2019.10.17"]
[SourceVersion "1"]
[SourceVersionDate "2019.10.17"]
[SourceQuality "1"]
[WhiteTeam "Pezinok"]
[BlackTeam "Bratislava Doprastav"]
[WhiteTeamCountry "SVK"]
[BlackTeamCountry "SVK"]

1. e4 c5 2. Nf3 g6 3. c3 Bg7 4. d4 cxd4 5. cxd4 d5 6. e5 Nc6 7. Bb5 Bg4 8. h3 Bxf3 9. Qxf3 e6 10. Nc3 Nh6 11. g4 0-0 12. Bxc6 bxc6 13. Bf4 f6 14. Qg3 g5 15. Bd2 fxe5 16. dxe5 Nf7 17. f4 d4 18. Ne2 gxf4 19. Bxf4 Qa5+ 20. Bd2 Qb6 21. Bf4 d3 22. Qxd3 Nxe5 23. Qe4 Rad8 24. Rd1 Rxd1+ 25. Kxd1 Rd8+ 26. Kc2 Nc4 27. Rb1 Nxb2 28. Qxe6+ Kh8 29. Be3 Qa6 30. Nd4 Qd3+ 31. Kc1 Nc4 32. Rb3 Qf1+ 33. Kc2 Nxe3+ 34. Rxe3 Bxd4 35. Rd3 c5 36. g5 Qg2+ 37. Rd2 Qxg5 38. Re2 Qg6+ 39. Kb3 Qd3+ 40. Ka4 Rb8 0-1

[Event "SVK-chT2A 1516"]
[Site "Slovakia"]
[Date "2016.03.13"]
[Round "11.6"]
[White "Badura, Peter"]
[Black "Hecht, Tomas"]
[Result "1/2-1/2"]
[WhiteElo "1937"]
[BlackElo "1990"]
[PlyCount "20"]
[EventDate "2015.10.17"]
[EventType "team-tourn"]
[EventRounds "11"]
[EventCountry "SVK"]
[SourceTitle "EXT 2017"]
[Source "ChessBase"]
[SourceDate "2016.10.25"]
[SourceVersion "1"]
[SourceVersionDate "2016.10.25"]
[SourceQuality "1"]
[WhiteTeam "Pezinok"]
[BlackTeam "Bratislava DP"]
[WhiteTeamCountry "SVK"]
[BlackTeamCountry "SVK"]

1. e4 c5 2. Nf3 Nc6 3. c3 d5 4. exd5 Qxd5 5. Na3 Bg4 6. Be2 e5 7. d3 Nf6 8. 0-0 Be7 9. Bg5 0-0 10. h3 Bh5 1/2-1/2

[Event "SVK-chT2A 1516"]
[Site "Slovakia"]
[Date "2016.03.12"]
[Round "10.8"]
[White "Kostolansky, Sebastian Lukas"]
[Black "Badura, Peter"]
[Result "1/2-1/2"]
[WhiteElo "1852"]
[BlackElo "1937"]
[PlyCount "125"]
[EventDate "2015.10.17"]
[EventType "team-tourn"]
[EventRounds "11"]
[EventCountry "SVK"]
[SourceTitle "EXT 2017"]
[Source "ChessBase"]
[SourceDate "2016.10.25"]
[SourceVersion "1"]
[SourceVersionDate "2016.10.25"]
[SourceQuality "1"]
[WhiteTeam "Bratislava Slovan IV"]
[BlackTeam "Pezinok"]
[WhiteTeamCountry "SVK"]
[BlackTeamCountry "SVK"]

1. e4 c5 2. Nf3 d6 3. Bb5+ Bd7 4. Bxd7+ Qxd7 5. 0-0 Nc6 6. c3 e6 7. d4 cxd4 8. cxd4 Nge7 9. d5 Ne5 10. Nc3 Nxf3+ 11. Qxf3 e5 12. a4 Ng6 13. Be3 Be7 14. Rfc1 Bd8 15. b4 0-0 16. g4 Nh4 17. Qg3 h5 18. h3 Kh7 19. Kh2 hxg4 20. hxg4 Rh8 21. f3 g6 22. Kg1 f5 23. Bf2 fxg4 24. Qxg4 Qxg4+ 25. fxg4 a6 26. Bxh4 Bxh4 27. Ne2 Rhc8 28. Rxc8 Rxc8 29. Rc1 Rxc1+ 30. Nxc1 Kg7 31. Kf1 Kf6 32. Ke2 Ke7 33. Nb3 Kd7 34. Kd3 Kc7 35. Kc4 Bg5 36. Na1 Bf4 37. Nc2 Bd2 38. Kd3 Bg5 39. Ne1 Bf4 40. Nf3 g5 41. Ne1 b5 42. axb5 axb5 43. Nc2 Bc1 44. Na1 Bf4 45. Nb3 Bg3 46. Na5 Bf2 47. Nc6 Kd7 48. Ke2 Bb6 49. Kd3 Bf2 50. Kd2 Bb6 51. Ke2 Bg1 52. Na5 Kc7 53. Nb3 Bh2 54. Nd2 Bf4 55. Nb3 Bh2 56. Kf2 Bf4 57. Na5 Bd2 58. Nc6 Kd7 59. Ke2 Bc3 60. Kd1 Ke8 61. Kc2 Be1 62. Kb3 Bf2 63. Nb8 1/2-1/2

[Event "Tatry op"]
[Site "Tatranske Zruby"]
[Date "2012.09.29"]
[Round "8"]
[White "Giertli, Vladimir"]
[Black "Badura, Peter"]
[Result "1-0"]
[WhiteElo "2080"]
[BlackElo "1854"]
[PlyCount "103"]
[EventDate "2012.09.23"]
[EventType "swiss"]
[EventRounds "9"]
[EventCountry "SVK"]
[SourceTitle "CBM 150 Extra"]
[Source "ChessBase"]
[SourceDate "2012.10.19"]
[SourceVersion "1"]
[SourceVersionDate "2012.10.19"]
[SourceQuality "1"]

1. e4 c5 2. Nf3 d6 3. Nc3 Nf6 4. Bc4 Nc6 5. h3 g6 6. 0-0 Bg7 7. d3 0-0 8. a4 b6 9. Bg5 Bb7 10. Qd2 Nd7 11. Nh2 Re8 12. f4 h6 13. Bh4 Qc7 14. Nd5 Qc8 15. c3 e6 16. Ne3 Ne7 17. f5 exf5 18. Bxe7 Rxe7 19. exf5 g5 20. Nhg4 Nf6 21. Nxf6+ Bxf6 22. Ng4 Kg7 23. Ne3 Re5 24. Ng4 Re7 25. Rae1 Qd7 26. Bb5 Qc7 27. Rxe7 Qxe7 28. Re1 Qc7 29. Bc4 Rf8 30. Ne3 Qd7 31. Bb3 d5 32. d4 c4 33. Bc2 Bd8 34. f6+ Bxf6 35. Qe2 Rh8 36. Qf3 Qd8 37. Rf1 h5 38. Nf5+ Kf8 39. Ne3 Kg7 40. Nf5+ Kf8 41. Ng3 Kg7 42. Nxh5+ Rxh5 43. Qxh5 Bc8 44. Qh7+ Kf8 45. Bf5 Bxf5 46. Qxf5 Kg7 47. g3 Qd6 48. Kg2 a6 49. h4 gxh4 50. gxh4 b5 51. axb5 axb5 52. h5 1-0

[Event "Tatry op"]
[Site "Tatranske Zruby"]
[Date "2011.10.01"]
[Round "8"]
[White "Framberk, Jan"]
[Black "Badura, Peter"]
[Result "0-1"]
[WhiteElo "2070"]
[BlackElo "1862"]
[PlyCount "72"]
[EventDate "2011.09.25"]
[EventType "swiss"]
[EventRounds "9"]
[EventCountry "SVK"]
[SourceTitle "CBM 144 Extra"]
[Source "ChessBase"]
[SourceDate "2011.10.28"]
[SourceVersion "1"]
[SourceVersionDate "2011.10.28"]
[SourceQuality "1"]

1. e4 c5 2. Nf3 d6 3. d4 cxd4 4. Nxd4 Nf6 5. Nc3 a6 6. Be2 g6 7. a4 b6 8. f4 Bb7 9. Bf3 e5 10. Nb3 Nbd7 11. 0-0 Qc7 12. Kh1 Bg7 13. Qe2 0-0 14. Be3 Rfe8 15. Rad1 Nc5 16. fxe5 Rxe5 17. Nxc5 bxc5 18. Bf4 Re6 19. Qc4 h6 20. Rfe1 g5 21. Bxd6 Rxd6 22. Rxd6 Qxd6 23. e5 Re8 24. Bxb7 Rxe5 25. Rxe5 Qxe5 26. h3 Nh5 27. Ne2 Qxe2 28. Qxe2 Ng3+ 29. Kh2 Nxe2 30. Bxa6 Be5+ 31. Kh1 Ng3+ 32. Kg1 Bxb2 33. Kf2 Ne4+ 34. Ke3 Nd6 35. Be2 Bc3 36. Kd3 Ba5 0-1

[Event "Tatry op"]
[Site "Tatranske Zruby"]
[Date "2010.10.09"]
[Round "9"]
[White "Tyda, Krzysztof"]
[Black "Badura, Peter"]
[Result "1-0"]
[WhiteElo "2024"]
[BlackElo "1893"]
[PlyCount "39"]
[EventDate "2010.10.02"]
[EventType "swiss"]
[EventRounds "9"]
[EventCountry "SVK"]
[SourceTitle "CBM 138 Extra"]
[Source "ChessBase"]
[SourceDate "2010.10.29"]
[SourceVersion "1"]
[SourceVersionDate "2010.10.29"]
[SourceQuality "1"]

1. d4 Nf6 2. c4 e6 3. Nc3 Bb4 4. Qc2 b6 5. e4 Bxc3+ 6. bxc3 d6 7. Nf3 h6 8. Bd3 Bb7 9. 0-0 Qe7 10. Ba3 c5 11. e5 dxe5 12. Nxe5 Nbd7 13. f4 0-0-0 14. Rab1 Kc7 15. Rbe1 g5 16. f5 Rhg8 17. Nxf7 Rdf8 18. fxe6 Nb8 19. Qf2 Ng4 20. Qg3+ 1-0

[Event "Tatry op"]
[Site "Tatranske Zruby"]
[Date "2009.10.01"]
[Round "6"]
[White "Kubin, Petr"]
[Black "Badura, Peter"]
[Result "1-0"]
[WhiteElo "2091"]
[BlackElo "1928"]
[PlyCount "81"]
[EventDate "2009.09.27"]
[EventType "swiss"]
[EventRounds "9"]
[EventCountry "SVK"]
[SourceTitle "EXT 2011"]
[Source "ChessBase"]
[SourceDate "2010.11.26"]
[SourceVersion "1"]
[SourceVersionDate "2010.11.26"]
[SourceQuality "1"]

1. e4 c5 2. Nf3 d6 3. d4 cxd4 4. Nxd4 Nf6 5. Nc3 a6 6. Bg5 e6 7. f4 Be7 8. Qf3 e5 9. Nf5 Bxf5 10. exf5 Nc6 11. 0-0-0 Qa5 12. Bc4 Rc8 13. Bxf6 gxf6 14. Qd5 Qxd5 15. Bxd5 b5 16. Bxc6+ Rxc6 17. Nd5 Bd8 18. Rd3 Rg8 19. g3 Kd7 20. b3 Be7 21. Kb2 Rgc8 22. Rc1 Bd8 23. Nb4 Rb6 24. Rc3 Rxc3 25. Kxc3 a5 26. Nd5 Rc6+ 27. Kd3 b4 28. c4 bxc3 29. Rxc3 Rc5 30. Rxc5 dxc5 31. Kc4 Kc6 32. fxe5 fxe5 33. Nc3 Bg5 34. Ne4 Be3 35. g4 Bf4 36. h4 Kb6 37. a4 Kc6 38. g5 h5 39. g6 fxg6 40. fxg6 Bh6 41. Nf6 1-0

[Event "Tatry op"]
[Site "Tatranske Zruby"]
[Date "2008.09.27"]
[Round "1"]
[White "Dudas, Jan"]
[Black "Badura, Peter"]
[Result "1-0"]
[WhiteElo "2264"]
[BlackElo "1971"]
[PlyCount "59"]
[EventDate "2008.09.27"]
[EventType "swiss"]
[EventRounds "9"]
[EventCountry "SVK"]
[SourceTitle "CBM 126 Extra"]
[Source "ChessBase"]
[SourceDate "2008.11.05"]
[SourceVersion "1"]
[SourceVersionDate "2008.11.05"]
[SourceQuality "1"]

1. e4 c5 2. Nf3 Nc6 3. Bb5 d6 4. 0-0 Bd7 5. c3 Nf6 6. Re1 g6 7. d4 cxd4 8. cxd4 Bg7 9. Nc3 0-0 10. h3 Qc7 11. e5 Ne8 12. Bg5 e6 13. Rc1 a6 14. Bxc6 Bxc6 15. d5 exd5 16. Nxd5 Qa5 17. Ne7+ Kh8 18. Nxc6 bxc6 19. Be7 Rg8 20. Ng5 Bxe5 21. Nxf7+ Kg7 22. Nxe5 dxe5 23. Rxc6 Qxa2 24. Qe2 Qd5 25. Rc5 Qd4 26. Rxe5 Kh8 27. Qf3 Qxb2 28. Bf6+ Ng7 29. Re7 Qb5 30. Rxg7 1-0

[Event "Tatry op"]
[Site "Tatranske Zruby"]
[Date "2007.09.23"]
[Round "3"]
[White "Szaraz, Vojtech"]
[Black "Badura, Peter"]
[Result "1-0"]
[WhiteElo "2044"]
[BlackElo "1963"]
[PlyCount "61"]
[EventDate "2007.09.22"]
[EventType "swiss"]
[EventRounds "9"]
[EventCountry "SVK"]
[SourceTitle "CBM 120 Extra"]
[Source "ChessBase"]
[SourceDate "2007.11.01"]
[SourceVersion "1"]
[SourceVersionDate "2007.11.01"]
[SourceQuality "1"]

1. e4 c5 2. Nc3 e6 3. g3 b6 4. Bg2 Bb7 5. d3 Be7 6. Nge2 Nf6 7. 0-0 0-0 8. f4 d6 9. f5 Nbd7 10. fxe6 fxe6 11. Nf4 Re8 12. Nxe6 Qc8 13. Nf4 Ne5 14. Ncd5 Nxd5 15. Nxd5 Bxd5 16. exd5 Bf6 17. Bf4 Qd7 18. Qh5 Ng6 19. Bh3 Nxf4 20. Rxf4 Qb7 21. Be6+ Kh8 22. Bf5 h6 23. Qg6 Kg8 24. Raf1 Re2 25. Be6+ Kh8 26. Bf5 Kg8 27. Qh7+ Kf8 28. Be6 Rxe6 29. dxe6 Qd5 30. Rxf6+ Ke8 31. Rf8+ 1-0

[Event "SVK-ch op-A"]
[Site "Banska Stiavnica"]
[Date "2007.07.13"]
[Round "7.59"]
[White "Badura, Peter"]
[Black "Sosovicka, Juraj"]
[Result "1/2-1/2"]
[WhiteElo "1963"]
[BlackElo "1875"]
[PlyCount "119"]
[EventDate "2007.07.07"]
[EventType "swiss"]
[EventRounds "9"]
[EventCountry "SVK"]
[SourceTitle "EXT 2010"]
[Source "ChessBase"]
[SourceDate "2010.11.25"]
[SourceVersion "1"]
[SourceVersionDate "2010.11.25"]
[SourceQuality "1"]

1. e4 c5 2. Nf3 Nc6 3. d4 cxd4 4. Nxd4 g6 5. Nc3 Bg7 6. Be3 Nf6 7. Nxc6 bxc6 8. e5 Ng8 9. f4 f6 10. e6 f5 11. g4 dxe6 12. Qxd8+ Kxd8 13. 0-0-0+ Kc7 14. g5 e5 15. fxe5 Bxe5 16. Bg2 Ba6 17. h4 e6 18. Bc5 Re8 19. Bxa7 Ne7 20. Na4 Nd5 21. b3 Bf4+ 22. Kb1 Be3 23. Bxe3 Nxe3 24. Rd2 Nxg2 25. Rxg2 e5 26. Nc5 Bc8 27. h5 Kd6 28. b4 e4 29. Rgh2 Rhg8 30. hxg6 Rxg6 31. Rxh7 Rxg5 32. R7h6+ Be6 33. Rd1+ Ke5 34. Re1 Bd5 35. Rh4 Kd4 36. Kb2 Ra8 37. a3 Rg3 38. Rf4 Rgxa3 39. Rxf5 Ra2+ 40. Kc1 Kc3 41. Re3+ Kxb4 42. Nxe4 Ra1+ 43. Kd2 Rd8 44. Rd3 Bxe4 45. Rf4 Rxd3+ 46. cxd3 Ra2+ 47. Ke3 Kc5 48. Rxe4 Kd5 49. Rd4+ Ke5 50. Rh4 c5 51. Rh5+ Kd6 52. Ke4 Ra4+ 53. Ke3 Ra3 54. Ke4 Ra4+ 55. Ke3 Ra1 56. Ke4 Re1+ 57. Kf3 Rf1+ 58. Ke3 Re1+ 59. Kf3 Rf1+ 60. Ke3 1/2-1/2

[Event "SVK-ch op-A"]
[Site "Banska Stiavnica"]
[Date "2007.07.07"]
[Round "1.43"]
[White "Badura, Peter"]
[Black "Rohacek, Miroslav"]
[Result "0-1"]
[WhiteElo "1963"]
[BlackElo "2225"]
[PlyCount "58"]
[EventDate "2007.07.07"]
[EventType "swiss"]
[EventRounds "9"]
[EventCountry "SVK"]
[SourceTitle "EXT 2010"]
[Source "ChessBase"]
[SourceDate "2010.11.25"]
[SourceVersion "1"]
[SourceVersionDate "2010.11.25"]
[SourceQuality "1"]

1. e4 Nf6 2. e5 Nd5 3. d4 d6 4. exd6 cxd6 5. Bc4 Nb6 6. Bb3 d5 7. Nc3 Bf5 8. Nf3 h6 9. Be3 e6 10. Ne2 Nc6 11. c3 Be7 12. Bc2 Nc4 13. Bc1 Nd6 14. Ng3 Bxc2 15. Qxc2 g6 16. h3 Qb6 17. Bf4 Qa6 18. Be5 Rg8 19. h4 f6 20. Bxd6 Bxd6 21. Qe2 Qxe2+ 22. Nxe2 0-0-0 23. 0-0-0 Bc7 24. Nd2 e5 25. f3 exd4 26. cxd4 Rge8 27. Rde1 Nb4 28. a3 Nd3+ 29. Kd1 Nf2+ 0-1

[Event "Bratislava Doprastav op"]
[Site "Bratislava"]
[Date "2006.06.29"]
[Round "7"]
[White "Macka, Oto"]
[Black "Badura, Peter"]
[Result "1-0"]
[WhiteElo "1956"]
[BlackElo "2017"]
[PlyCount "109"]
[EventDate "2006.06.24"]
[EventType "swiss"]
[EventRounds "9"]
[EventCountry "SVK"]
[SourceTitle "EXT 2008"]
[Source "ChessBase"]
[SourceDate "2007.11.25"]
[SourceVersion "1"]
[SourceVersionDate "2007.11.25"]
[SourceQuality "1"]

1. c4 c5 2. g3 e6 3. e4 Nc6 4. Nc3 Nf6 5. f4 d6 6. Bg2 Bd7 7. Nf3 g6 8. 0-0 Bg7 9. d3 0-0 10. h3 Ne8 11. g4 f5 12. Ne2 Rb8 13. Rb1 b5 14. cxb5 Rxb5 15. b3 Bc8 16. Bb2 Bxb2 17. Rxb2 Qf6 18. Rd2 Ba6 19. exf5 exf5 20. g5 Qg7 21. d4 Ne7 22. Re1 Bb7 23. Nc3 Ra5 24. Rde2 Rf7 25. Na4 Be4 26. dxc5 Ra6 27. Nd4 d5 28. b4 Rxa4 29. Ne6 Qc3 30. Qxa4 Ng7 31. Nxg7 Kxg7 32. Qb3 Qd4+ 33. Kh2 Kg8 34. Rd1 Qg7 35. Qb2 Qf8 36. b5 h6 37. h4 Rh7 38. Kg3 Qb8 39. a4 hxg5 40. hxg5 Rh5 41. Qf6 Rh4 42. Qd6 Rg4+ 43. Kh2 Qe8 44. Bh3 Rh4 45. Kg3 Rh5 46. Qe6+ Kf8 47. Rh2 Qb8 48. Qf6+ Ke8 49. b6 axb6 50. cxb6 Rh4 51. Rf2 Rh7 52. Bf1 Rf7 53. Qh8+ Rf8 54. Bb5+ Kf7 55. Qf6+ 1-0

[Event "Tatry op"]
[Site "Tatranske Zruby"]
[Date "2005.09.16"]
[Round "8"]
[White "Badura, Peter"]
[Black "Hagara, Martin"]
[Result "0-1"]
[WhiteElo "2030"]
[BlackElo "2160"]
[PlyCount "64"]
[EventDate "2005.09.10"]
[EventType "swiss"]
[EventRounds "9"]
[EventCountry "SVK"]
[SourceTitle "CBM 108 Extra"]
[Source "ChessBase"]
[SourceDate "2005.11.04"]
[SourceVersion "1"]
[SourceVersionDate "2005.11.04"]
[SourceQuality "1"]

1. e4 e6 2. d4 d5 3. exd5 exd5 4. c4 c6 5. Bd3 Nf6 6. Bg5 Be7 7. Nf3 Bg4 8. Nbd2 Na6 9. a3 Nc7 10. Qc2 Ne6 11. Be3 dxc4 12. Bxc4 Nd5 13. 0-0 Bh5 14. Rae1 Bf6 15. Qb3 b6 16. h3 0-0 17. Ne5 Nxe3 18. Nxc6 Nxc4 19. Nxd8 Nxd2 20. Qb4 Nf3+ 21. gxf3 Raxd8 22. d5 Rxd5 23. Qb3 Rg5+ 24. Kh2 Nd4 25. Qe3 Nxf3+ 26. Kh1 Nxe1 27. Rxe1 Re5 28. Qd2 Bf3+ 29. Kg1 Rg5+ 30. Kf1 Bg2+ 31. Kg1 Bb7+ 32. Kf1 Ba6+ 0-1

[Event "SVK-ch"]
[Site "Trencianske Teplice"]
[Date "2005.??.??"]
[Round "8"]
[White "Badura, Peter"]
[Black "Janos, Ivan"]
[Result "1-0"]
[WhiteElo "2030"]
[BlackElo "2147"]
[PlyCount "57"]
[EventDate "2005.07.03"]
[EventType "swiss"]
[EventRounds "9"]
[EventCountry "SVK"]
[SourceTitle "EXT 2007"]
[Source "ChessBase"]
[SourceDate "2006.11.23"]
[SourceVersion "1"]
[SourceVersionDate "2006.11.23"]
[SourceQuality "1"]

1. e4 d6 2. d4 Nf6 3. Bd3 g6 4. Ne2 Nbd7 5. 0-0 c5 6. c3 b5 7. Ng3 Qb6 8. Bc2 Bb7 9. h3 Bg7 10. Be3 Rc8 11. Nd2 Qc7 12. Rc1 0-0 13. Nf3 Nb6 14. b3 a5 15. Bb1 Qb8 16. Qd2 Rfd8 17. Bh6 Bh8 18. Qg5 Qa8 19. Rfe1 a4 20. Nf5 Rd7 21. e5 Bxf3 22. exf6 Bxf6 23. Nxe7+ Bxe7 24. Rxe7 f6 25. Qxf6 Rxe7 26. Qxe7 Qb7 27. Qe6+ Kh8 28. gxf3 cxd4 29. Re1 1-0

[Event "Bratislava Slovan op"]
[Site "Bratislava"]
[Date "2004.05.05"]
[Round "6"]
[White "Prielozny, Marek"]
[Black "Badura, Peter"]
[Result "1/2-1/2"]
[WhiteElo "1931"]
[BlackElo "1774"]
[PlyCount "62"]
[EventDate "2004.05.??"]
[EventType "swiss"]
[EventRounds "9"]
[EventCountry "SVK"]
[SourceTitle "EXT 2005"]
[Source "ChessBase"]
[SourceDate "2004.11.15"]
[SourceVersion "1"]
[SourceVersionDate "2004.11.15"]
[SourceQuality "1"]

1. d4 e6 2. c4 d5 3. Nc3 Nf6 4. Bg5 Be7 5. e3 b6 6. Nf3 Nbd7 7. Rc1 Bb7 8. cxd5 exd5 9. Be2 0-0 10. 0-0 a6 11. Qc2 Rc8 12. Rfd1 h6 13. Bh4 c5 14. dxc5 bxc5 15. Bd3 d4 16. Bxf6 Bxf6 17. Ne4 Ne5 18. Nxf6+ Qxf6 19. Nxe5 Qxe5 20. Bf5 Rc6 21. Be4 Rc7 22. Bxb7 Rxb7 23. exd4 cxd4 24. b3 Re8 25. h3 Rd8 26. Qd3 Rb6 27. Rc4 Rbd6 28. Rd2 Qe1+ 29. Kh2 Qe5+ 30. Kg1 Qe1+ 31. Kh2 Qe5+ 1/2-1/2

[Event "Bratislava Slovan op"]
[Site "Bratislava"]
[Date "2004.05.03"]
[Round "4"]
[White "Badura, Peter"]
[Black "Rohackova, Veronika"]
[Result "0-1"]
[WhiteElo "1774"]
[BlackElo "2106"]
[PlyCount "84"]
[EventDate "2004.05.??"]
[EventType "swiss"]
[EventRounds "9"]
[EventCountry "SVK"]
[SourceTitle "EXT 2005"]
[Source "ChessBase"]
[SourceDate "2004.11.15"]
[SourceVersion "1"]
[SourceVersionDate "2004.11.15"]
[SourceQuality "1"]

1. e4 e6 2. d4 d5 3. Nc3 Bb4 4. Bd3 Ne7 5. Nge2 c5 6. dxc5 Bxc5 7. 0-0 0-0 8. e5 Nbc6 9. Na4 Bb6 10. Nxb6 Qxb6 11. Be3 Qxb2 12. Bf4 Ng6 13. Bxg6 hxg6 14. Bg3 b6 15. a3 Ba6 16. Re1 Na5 17. f4 Bxe2 18. Rxe2 Qc3 19. Kh1 Nb7 20. Be1 Qc4 21. Rf2 Nc5 22. Rb1 Ne4 23. Rf3 Rfc8 24. Rb2 Rc6 25. Bb4 Rac8 26. Be1 Qa4 27. Rfb3 Nc3 28. Qd3 Qe4 29. Qg3 Ne2 30. Qf2 Nxf4 31. Rb4 Rc4 32. h3 Nxh3 33. Qg3 Nf4 34. Bd2 Ne2 35. Qg5 Qd4 36. Be3 Qe4 37. Kh2 Qf5 38. Rxc4 Rxc4 39. Qd8+ Kh7 40. g3 Nxg3 41. Kg2 Rg4 42. Rb4 Ne4+ 0-1